Paradojas y nuevas paradojas / Henry de Lubac

Enregistré dans:
Détails bibliographiques
Auteur principal: Lubac, Henry de (autor)
Format: Livre
Collection:Colección Compromiso Cristiano ; 7
Sujets:
Tags: Ajouter un tag
Pas de tags, Soyez le premier à ajouter un tag!

MARC

LEADER 00000nam^a2200000^u^4500
001 000552842
005 20250521000000.0
008 060220s1000^^^^^^^^^^^^r^^^^^000^0^spa^d
009 20260310131625.634
035 |a FMI 000022634 
037 |a Acervo Xavier Clavigero 
096 |a 4.2/197/B 
100 |a Lubac, Henry de  |e (autor) 
245 1 0 |a Paradojas y nuevas paradojas / Henry de Lubac 
264 |a Madrid : Ediciones Península, 1966 
300 |a 157 p 
336 |a texto  |b txt  |2 rdacontenido 
337 |a sin mediación  |b n  |2 rdamedio 
338 |a volumen  |b nc  |2 rdasoporte 
440 0 |a Colección Compromiso Cristiano ; 7 
649 |a XX 
650 |a Espiritualidad Moderna 
910 |a Fondo Francisco Migoya Covarrubias S.J. 
920 |a Impresos - Libros 
930 |a Fondos Especiales 
905 |a 134 
901 |a SBC30087  |b IT2  |c ESP  |u 20250521 
902 |a https://opac.biblio.iteso.mx/vufind/Record/000552842